000
00296nam a22001337a 4500
020
_a
978-0-143-42875-6
082
_a
823
_b
BON/W
100
_a
BOND, RUSKIN
245
_a
WHITE MICE
260
_a
GURGAON
_b
PUFFIN BOOKS
_c
2018
300
_a
30
650
_a
CHILDRENS STORY BOOK
_z
INDIA
942
_c
BK
999
_c
2743
_d
2743